000 00627nam a2200229Ia 4500
005 20260320201922.0
008 008 262003s9999 xx 000 0 eng d
037 _aEBOOK
040 _aCRL
040 _beng
040 _cCRL
041 _2eng
041 _aeng
084 _qCRL
100 _aDeckler
_91136062
245 0 _aMicrosoft Power BI Cookbook: Convert raw data into business insights with updated techniques, use cases, and best practices
260 _bIEEE
856 _uhttps://ieeexplore.ieee.org/servlet/opac?bknumber=10769368
942 _cEBOOK
999 _c1724274
_d1724274